000 00759nam a2200217Ia 4500
003 GCL
005 20240530104924.0
008 140319s1947 ua h f 000 0 ara d
017 _a87/5176
_bمصر. دار الكتب
040 _aGCL /
_cGCL
082 0 4 _a720.92
_bع ص
100 0 _aعبدالباقى ابراهيم
245 1 0 _aصلاح زيتون /
_cعبدالباقى ابراهيم
260 _aالقاهرة :
_bمركز الدراسات التخطيطية والمعمارية ،
_c1987.
300 _a208 ص. :
_bصور ؛
_c32 سم.
490 0 _aالمعماريون العرب.
600 0 4 _aصلاح زيتون
650 0 7 _2qrmak
_aالمعماريون
650 0 7 _2qrmak
_aالمعماريون المصريون
942 _2ddc
_cBK
999 _c51793
_d51793